000 00658nam a2200229Ia 4500
003 OSt
005 20220928130549.0
006 a|||||r|||| 00| 0
007 ta
008 220927b |||||||| |||| 00| 0 eng d
024 _a41418
037 _cTextual
040 _aSDCL
_cSDCL
_beng
041 _2eng
_aeng
082 _aX64.1'N9, N6
100 _aNorton Joseph J Ed.
_9474602
245 0 _aEmerging financial markets and the role of international financial organizations.
260 _aLondon
_bKluwer Law
_c1996
300 _axxi,539p
_ccm.
942 _hX64.1'N9, N6
_cTEXL
_2CC
999 _c787168
_d787168